| 000 | 00603nam a2200229 a 4500 | ||
|---|---|---|---|
| 999 |
_c5585 _d5585 |
||
| 001 | 5585 | ||
| 003 | BD-JhCC | ||
| 005 | 20171221110029.0 | ||
| 008 | 171218s19601961en a|||| || | 000 0 eng d | ||
| 035 | _a(BD-JhCC)5585 | ||
| 040 |
_aBD-JhCC _dBD-JhCC |
||
| 041 | _aeng | ||
| 082 |
_a338.094 _bHER 1961 |
||
| 100 | _aHerdman, T. | ||
| 245 |
_aLongmans colour geographies Industrial Neighbours unit 20 / _cT. Herdman, M. Sc. |
||
| 250 | _a2nd ed. | ||
| 260 |
_aLondon : _b Longmans, _c1961. |
||
| 300 |
_a40 p. : _bill. ; _c21 cm. |
||
| 650 |
_aIndustrial _zEurope |
||
| 942 |
_2ddc _cBK |
||